Bolivia: fin del estado colonial, nacimiento del estado plurinacional/

Uloženo v:
Podrobná bibliografie
Hlavní autor: Chivi Vargas, Idón Moisés
Médium: Kniha
Jazyk:Spanish
Tagy: Přidat tag
Žádné tagy, Buďte první, kdo vytvoří štítek k tomuto záznamu!

MARC

LEADER 00000nam a22000007a 4500
003 cru CIDCACS/IIS
005 20190118142021.0
007 ta
008 190117s20092010mx |||p|r||||||0| ||spa|d
999 |c 42064  |d 42064 
040 |c cru CIDCACS/IIS 
100 1 |9 8230  |a Chivi Vargas, Idón Moisés 
245 1 |a Bolivia:  |b fin del estado colonial, nacimiento del estado plurinacional/  |c Idón Moisés Chivi Vargas 
300 |a páginas 18-20 
773 0 |0 42054  |9 2609  |a Centro de Estudios del Movimiento Obrero y Socialista (México)  |d México D.F: CEMOS  |o 17704  |t Memoria =  |x 01861395 
942 |2 ddc  |c PP